[Event "14th 4NCL Congress"]
[Site "Wokefield"]
[Date "2017.07.15"]
[Round "3"]
[Board "6"]
[White "Stimpson, Philip M"]
[Black "Rahman, K Azizur"]
[Result "1-0"]
[WhiteElo "1937"]
[BlackElo "1882"]
[PlyCount "113"]
[EventDate "2017.07.14"]
[EventRounds "5"]
[EventCountry "ENG"]

1. e4 c5 2. Nc3 d6 3. f4 a6 4. g3 b5 5. Bg2 Bb7 6. d3 e6 7. Qe2 Nd7 8. Nf3 Qc7
9. O-O Be7 10. Bd2 Ngf6 11. Rae1 O-O 12. Nd1 Rac8 13. Nf2 e5 14. f5 c4 15. g4
cxd3 16. cxd3 Qc2 17. g5 Nh5 18. f6 gxf6 19. Bh3 Rcd8 20. Bf5 Nf4 21. Bxf4 Qxe2
22. Rxe2 exf4 23. Rc2 fxg5 24. Rc7 Bc8 25. Ng4 Rfe8 26. Rxc8 Rxc8 27. Bxd7 Red8
28. Nh6+ Kf8 29. Bxc8 Rxc8 30. Nf5 f6 31. N3d4 Kf7 32. Rf2 Rc1+ 33. Kg2 h5 34.
Rc2 Rxc2+ 35. Nxc2 g4 36. Ncd4 Bf8 37. h3 b4 38. b3 Kg6 39. Ne6 Bh6 40. Nxh6
Kxh6 41. hxg4 hxg4 42. Nxf4 Kg5 43. Kg3 f5 44. Nd5 a5 45. exf5 Kxf5 46. Ne3+
Ke5 47. Nc4+ Kd4 48. Nxd6 Kxd3 49. Nc4 Kc3 50. Nxa5 Kb2 51. Kxg4 Kxa2 52. Kf4
Kb2 53. Ke3 Kc3 54. Ke4 Kc2 55. Kd4 Kb2 56. Kc4 Ka3 57. Kc5 1-0

[Event "14th 4NCL Congress"]
[Site "Wokefield"]
[Date "2017.07.15"]
[Round "3"]
[Board "7"]
[White "Crockart, George N"]
[Black "Adaway, William"]
[Result "1-0"]
[WhiteElo "1928"]
[BlackElo "1876"]
[PlyCount "101"]
[EventDate "2017.07.14"]
[EventRounds "5"]
[EventCountry "ENG"]

1. f4 d5 2. Nf3 g6 3. e3 Bg7 4. Be2 Nf6 5. O-O O-O 6. Nc3 c5 7. d3 d4 8. Ne4
Nxe4 9. dxe4 Nc6 10. exd4 cxd4 11. Bd3 Bg4 12. h3 Bxf3 13. Qxf3 Nb4 14. a3 Nxd3
15. Qxd3 Rc8 16. Bd2 Qc7 17. Rac1 e6 18. e5 Rfd8 19. Bb4 Bf8 20. Bxf8 Kxf8 21.
Rfd1 Qb6 22. Qb3 Qxb3 23. cxb3 Ke7 24. Kf2 f6 25. Rc4 fxe5 26. fxe5 b5 27. Rcc1
h5 28. Ke2 Rxc1 29. Rxc1 Rd5 30. Rc7+ Kd8 31. Rxa7 Rxe5+ 32. Kd3 Re3+ 33. Kxd4
Rxb3 34. Ke5 Rxb2 35. g4 hxg4 36. hxg4 b4 37. Kxe6 bxa3 38. Rxa3 Rb6+ 39. Kf7
Rb4 40. Rd3+ Kc7 41. g5 Rb6 42. Rf3 Kd8 43. Rf6 Rb7+ 44. Kxg6 Ke8 45. Kh6 Ke7
46. Rf2 Rb6+ 47. Kg7 Ke8 48. g6 Re6 49. Kh7 Re1 50. Rh2 Rg1 51. g7 1-0

[Event "14th 4NCL Congress"]
[Site "Wokefield"]
[Date "2017.07.15"]
[Round "3"]
[Board "8"]
[White "Whitehead, Mark A"]
[Black "Forster, James Connor C"]
[Result "1-0"]
[WhiteElo "1917"]
[BlackElo "1862"]
[PlyCount "113"]
[EventDate "2017.07.14"]
[EventRounds "5"]
[EventCountry "ENG"]

1. e4 d5 2. Nc3 dxe4 3. Nxe4 Bf5 4. Ng3 Bg6 5. Bc4 e6 6. N1e2 Bd6 7. d4 c6 8.
Nf4 Qc7 9. Nfh5 Bf8 10. h4 h6 11. Qe2 Nd7 12. Nf4 Ne7 13. c3 O-O-O 14. Bxe6 Re8
15. Bxd7+ Qxd7 16. O-O Nf5 17. Qg4 Nxg3 18. Qxd7+ Kxd7 19. fxg3 Bh7 20. Bd2 f6
21. Rfe1 Bd6 22. Kf2 Rhf8 23. Rxe8 Rxe8 24. Nh5 Bf8 25. Bxh6 Bg6 26. Nxg7 Rc8
27. g4 Be7 28. g3 Rh8 29. Bf4 Rg8 30. Nf5 Bd8 31. Re1 b6 32. h5 Bh7 33. Kf3 Rf8
34. c4 Bg8 35. b3 a6 36. Bd6 Re8 37. Rxe8 Kxe8 38. Ne3 Kd7 39. Bf4 Be7 40. d5
c5 41. Nf5 Bd8 42. Nh6 Bh7 43. Nf5 a5 44. a4 Bg8 45. Ke4 Bh7 46. d6 Ke6 47. Be3
Kd7 48. Bh6 Ke6 49. Bf8 Kd7 50. Be7 Bg8 51. Bxd8 Kxd8 52. Kf4 Kd7 53. g5 fxg5+
54. Kxg5 Bh7 55. Kf6 Bg8 56. g4 Bh7 57. g5 1-0

[Event "14th 4NCL Congress"]
[Site "Wokefield"]
[Date "2017.07.15"]
[Round "3"]
[Board "9"]
[White "Woodward, Tim F"]
[Black "Reid, Patrick D"]
[Result "1/2-1/2"]
[WhiteElo "1901"]
[BlackElo "1775"]
[PlyCount "55"]
[EventDate "2017.07.14"]
[EventRounds "5"]
[EventCountry "ENG"]

1. e4 e6 2. d4 d5 3. e5 c5 4. c3 Nc6 5. Nf3 Bd7 6. Be2 f6 7. exf6 Nxf6 8. O-O
Bd6 9. Re1 O-O 10. Nbd2 cxd4 11. cxd4 Rc8 12. a3 Qb6 13. Nf1 e5 14. dxe5 Nxe5
15. Nxe5 Bxe5 16. Bf3 Qd6 17. Ra2 Bf5 18. b4 Be4 19. Ng3 Bxf3 20. Qxf3 Rc3 21.
Qd1 Rc7 22. Bb2 Bxb2 23. Rxb2 Qf4 24. Qd2 Qc4 25. Rbb1 Rfc8 26. f3 Qc3 27. Qxc3
Rxc3 28. Ra1 1/2-1/2

[Event "14th 4NCL Congress"]
[Site "Wokefield"]
[Date "2017.07.15"]
[Round "3"]
[Board "10"]
[White "Gibbs, Dominic V"]
[Black "Burrows, Nick"]
[Result "1/2-1/2"]
[WhiteElo "1838"]
[BlackElo "1888"]
[PlyCount "112"]
[EventDate "2017.07.14"]
[EventRounds "5"]
[EventCountry "ENG"]

1. e4 c6 2. d4 d5 3. exd5 cxd5 4. c4 Nf6 5. Nc3 Nc6 6. Nf3 g6 7. cxd5 Nxd5 8.
Bc4 Nxc3 9. Qb3 Nd5 10. Bxd5 e6 11. Bxc6+ bxc6 12. O-O f6 13. Bf4 Kf7 14. Rac1
Bd7 15. Rfe1 Qb6 16. Qc4 Be7 17. Nd2 Qb4 18. Ne4 Rhd8 19. Bc7 Rg8 20. Re2 Qxc4
21. Rxc4 c5 22. a4 Rgc8 23. Ba5 cxd4 24. Rxd4 Rc1+ 25. Re1 Rxe1+ 26. Bxe1 Bc6
27. Kf1 Rd8 28. Rxd8 Bxd8 29. Nc3 e5 30. b4 Ke6 31. f3 Bd5 32. Ke2 Bc4+ 33. Kd2
Bb6 34. a5 Bg1 35. h4 f5 36. Bg3 a6 37. Ne2 Bxe2 38. Kxe2 Kd5 39. Kd3 e4+ 40.
fxe4+ fxe4+ 41. Kc3 Bd4+ 42. Kb3 e3 43. Be1 Bf6 44. Bg3 Be7 45. Be1 Bd6 46. Kc3
Ke4 47. Kc4 e2 48. b5 axb5+ 49. Kxb5 Bf4 50. Kc4 Ke3 51. Kc3 Bc7 52. Kc2 Be5
53. a6 Bd4 54. Bg3 Bb6 55. Be1 Bc5 56. g3 Bb6 1/2-1/2

[Event "14th 4NCL Congress"]
[Site "Wokefield"]
[Date "2017.07.15"]
[Round "3"]
[Board "11"]
[White "Ter-Gevorkian, Aram"]
[Black "Wunderle, John P"]
[Result "1-0"]
[WhiteElo "1927"]
[BlackElo "1727"]
[PlyCount "113"]
[EventDate "2017.07.14"]
[EventRounds "5"]
[EventCountry "ENG"]

1. e4 e5 2. Nf3 Nc6 3. d4 exd4 4. Nxd4 Qf6 5. Nxc6 Bc5 6. Qf3 Qxf3 7. gxf3 bxc6
8. Be3 Bb6 9. Rg1 g6 10. c4 Bxe3 11. fxe3 Ne7 12. Nc3 O-O 13. O-O-O d6 14. Bd3
f5 15. f4 a5 16. e5 dxe5 17. Na4 e4 18. Be2 Rf6 19. Rd8+ Kf7 20. Rgd1 Bb7 21.
R8d7 Rc8 22. Nc5 Ba8 23. Rd8 Rd6 24. R8xd6 cxd6 25. Rxd6 Rc7 26. Ne6 Rc8 27.
Ng5+ Kg8 28. Rd7 Re8 29. c5 Nd5 30. Nxh7 Re7 31. Nf6+ Kf7 32. Rxe7+ Nxe7 33.
Nd7 Kg7 34. Ba6 Nd5 35. Kd2 Kh6 36. Nb6 Nc7 37. Bc8 g5 38. Bxf5 gxf4 39. exf4
Bb7 40. Ke3 Na6 41. Na4 Nb4 42. Nc3 Nd3 43. Na4 Nb4 44. a3 Nd5+ 45. Kxe4 Ba6
46. Nb6 Ne7 47. Ke5 Be2 48. Be4 Ng6+ 49. Bxg6 Kxg6 50. f5+ Kf7 51. Nc8 Bh5 52.
b4 axb4 53. axb4 Be2 54. Na7 Bf3 55. Kd6 Be4 56. Nxc6 Bxf5 57. b5 1-0

[Event "14th 4NCL Congress"]
[Site "Wokefield"]
[Date "2017.07.15"]
[Round "3"]
[Board "12"]
[White "Ireland, David J"]
[Black "Hibbitt, Arthur M"]
[Result "1-0"]
[WhiteElo "1922"]
[BlackElo "1768"]
[PlyCount "87"]
[EventDate "2017.07.14"]
[EventRounds "5"]
[EventCountry "ENG"]

1. e4 c5 2. Nc3 g6 3. Bc4 Bg7 4. d3 Nc6 5. f4 Na5 6. Nf3 Nxc4 7. dxc4 d6 8. O-O
Bg4 9. h3 Bd7 10. Be3 a6 11. Qd2 b5 12. e5 b4 13. Ne2 Be6 14. b3 Rc8 15. Rfd1
Nh6 16. g4 Qc7 17. a3 a5 18. axb4 axb4 19. exd6 exd6 20. Ra6 O-O 21. Rxd6 Rfe8
22. Nh2 f5 23. g5 Nf7 24. Rd3 Rcd8 25. Nc1 Bc8 26. Kf2 Bb7 27. Nf3 Qc6 28. Rd5
Rxd5 29. Qxd5 Qxd5 30. cxd5 Nd6 31. Nd3 Ne4+ 32. Kg1 Nc3 33. Re1 Bxd5 34. Bxc5
Ne2+ 35. Kf2 Bxf3 36. Kxf3 Nd4+ 37. Bxd4 Rxe1 38. Nxe1 Bxd4 39. Ke2 Bc5 40. Kd3
Kf7 41. Kc4 Bd6 42. Nd3 Ke7 43. Nxb4 Bxf4 44. Nd5+ 1-0

[Event "14th 4NCL Congress"]
[Site "Wokefield"]
[Date "2017.07.15"]
[Round "3"]
[Board "13"]
[White "Collins, Jonathan L"]
[Black "Nwachukwu, Chino"]
[Result "1/2-1/2"]
[WhiteElo "1791"]
[BlackElo "1904"]
[PlyCount "122"]
[EventDate "2017.07.14"]
[EventRounds "5"]
[EventCountry "ENG"]

1. d4 Nf6 2. Nf3 e6 3. c3 d5 4. e3 Be7 5. Nbd2 O-O 6. Bd3 c5 7. Qe2 Nc6 8. h3
a6 9. b3 Qc7 10. Bb2 b5 11. dxc5 Bxc5 12. e4 Bb7 13. Rc1 Rad8 14. O-O Ba7 15.
Ba3 Rfe8 16. e5 Nh5 17. Ng5 g6 18. Bd6 Rxd6 19. exd6 Qxd6 20. Rfe1 e5 21. c4
Nd4 22. Qd1 Nf4 23. Bf1 h6 24. Ngf3 dxc4 25. bxc4 e4 26. Nxd4 Qxd4 27. Nxe4
Rxe4 28. Qxd4 Bxd4 29. Rxe4 Bxe4 30. cxb5 axb5 31. Bxb5 Bb6 32. Rc4 f5 33. Rc8+
Kg7 34. Bf1 g5 35. a4 h5 36. g3 Ne6 37. Bg2 Kf6 38. Bxe4 fxe4 39. Rc6 Bd4 40.
Kf1 Ke5 41. a5 h4 42. a6 Kd5 43. Rc8 e3 44. fxe3 Bxe3 45. gxh4 gxh4 46. Rh8 Nc7
47. Ke2 Bb6 48. Rh5+ Kc6 49. Rxh4 Nxa6 50. Rh6+ Kc7 51. Kf3 Nc5 52. Kg4 Nd7 53.
Rxb6 Nxb6 54. Kf5 Kd8 55. Kg6 Ke8 56. Kg7 Nc8 57. h4 Nd6 58. h5 Nf5+ 59. Kf6
Ne7 60. Kg7 Nf5+ 61. Kf6 Ne7 1/2-1/2

[Event "14th 4NCL Congress"]
[Site "Wokefield"]
[Date "2017.07.15"]
[Round "3"]
[Board "14"]
[White "Jacob, Sydney J"]
[Black "Piecha, Lukasz Marek"]
[Result "1/2-1/2"]
[WhiteElo "1876"]
[BlackElo "1752"]
[PlyCount "70"]
[EventDate "2017.07.14"]
[EventRounds "5"]
[EventCountry "ENG"]

1. d4 d5 2. c4 e6 3. a3 Nf6 4. Bg5 c6 5. e3 Nbd7 6. Nc3 Be7 7. Nf3 O-O 8. Qc2
h6 9. Bh4 Re8 10. Bd3 e5 11. dxe5 Ng4 12. Bg3 Bc5 13. cxd5 Ndxe5 14. Nxe5 Nxe5
15. Bxe5 Rxe5 16. dxc6 Qg5 17. O-O-O Qe7 18. Bh7+ Kh8 19. Nd5 Rxd5 20. Rxd5 Bb6
21. c7 Be6 22. Rd8+ Rxd8 23. cxd8=Q+ Bxd8 24. Bf5 g6 25. Bxe6 Qxe6 26. Kb1 Bf6
27. Rc1 Kg7 28. Ka1 Qd6 29. Qc5 Qxh2 30. Qxa7 Qxg2 31. Rc7 Qh1+ 32. Ka2 Qd5+
33. Kb1 Qd1+ 34. Rc1 Qd3+ 35. Ka1 Qd2 1/2-1/2

[Event "14th 4NCL Congress"]
[Site "Wokefield"]
[Date "2017.07.15"]
[Round "3"]
[Board "15"]
[White "Goodfellow, Russell R"]
[Black "Ross, Stuart"]
[Result "0-1"]
[WhiteElo "1848"]
[BlackElo "1619"]
[PlyCount "60"]
[EventDate "2017.07.14"]
[EventRounds "5"]
[EventCountry "ENG"]

1. e4 c5 2. Nf3 d6 3. d4 cxd4 4. Nxd4 Nf6 5. Nc3 a6 6. h3 e5 7. Nde2 Be7 8. g3
b5 9. a3 Bb7 10. Bg2 Nbd7 11. g4 Nb6 12. O-O d5 13. exd5 Nfxd5 14. Ne4 Qc7 15.
Kh1 Rd8 16. Nd2 O-O 17. c3 Bg5 18. Qc2 Nf4 19. Nxf4 Bxf4 20. Ne4 Nd5 21. Ng5 g6
22. Be4 h6 23. Nf3 Bxc1 24. Raxc1 Nf4 25. Kh2 Nd3 26. Bxd3 e4+ 27. Kg2 Rxd3 28.
Nd4 e3+ 29. Nf3 Rd2 30. Qb3 Qf4 0-1

[Event "14th 4NCL Congress"]
[Site "Wokefield"]
[Date "2017.07.15"]
[Round "3"]
[Board "16"]
[White "Nandi, Robin J"]
[Black "Hammond, Benjamin"]
[Result "1-0"]
[WhiteElo "1827"]
[BlackElo "1462"]
[PlyCount "35"]
[EventDate "2017.07.14"]
[EventRounds "5"]
[EventCountry "ENG"]

1. d4 d5 2. c4 dxc4 3. Nf3 Nf6 4. Nc3 c5 5. e3 cxd4 6. exd4 Bg4 7. Bxc4 e6 8.
O-O Nbd7 9. d5 exd5 10. Nxd5 Nxd5 11. Qxd5 Qf6 12. Bg5 Bxf3 13. gxf3 Qg6 14.
Rfe1+ Be7 15. Rxe7+ Kf8 16. Rxf7+ Kg8 17. Rf6+ Qf7 18. Qxf7# 1-0

[Event "14th 4NCL Congress"]
[Site "Wokefield"]
[Date "2017.07.15"]
[Round "3"]
[Board "17"]
[White "Bovtramovics, Vladimirs"]
[Black "Pollock, Andy"]
[Result "0-1"]
[WhiteElo "1744"]
[BlackElo "1795"]
[PlyCount "76"]
[EventDate "2017.07.14"]
[EventRounds "5"]
[EventCountry "ENG"]

1. e4 c6 2. d4 d5 3. Nc3 dxe4 4. Nxe4 Bf5 5. Ng3 Bg6 6. h4 h6 7. h5 Bh7 8. Nf3
Nd7 9. Bd3 Bxd3 10. Qxd3 e6 11. Bd2 Qc7 12. O-O-O Ngf6 13. Ne4 O-O-O 14. Kb1 c5
15. Bc3 c4 16. Qe2 Nxe4 17. Qxe4 Nf6 18. Qe1 Rd5 19. Ne5 Bd6 20. f4 Bxe5 21.
fxe5 Nd7 22. Qg3 Rg8 23. Rdf1 Nb6 24. b3 Rd7 25. Rf3 Nd5 26. Bd2 Kb8 27. c3
Rdd8 28. Rhf1 Rdf8 29. Qg4 b5 30. bxc4 bxc4 31. Qe4 Qa5 32. Rxf7 Rxf7 33. Rxf7
Qxc3 34. Qc2 Qxd4 35. Qh7 Rd8 36. Rxg7 Qxd2 37. Rb7+ Kc8 38. Rxa7 Nc3+ 0-1

[Event "14th 4NCL Congress"]
[Site "Wokefield"]
[Date "2017.07.15"]
[Round "3"]
[Board "18"]
[White "Ansari, Athar"]
[Black "Hurst, Eddie"]
[Result "0-1"]
[WhiteElo "1904"]
[BlackElo "1465"]
[PlyCount "90"]
[EventDate "2017.07.14"]
[EventRounds "5"]
[EventCountry "ENG"]

1. e4 c6 2. d4 d5 3. e5 c5 4. Nc3 e6 5. dxc5 Bxc5 6. Qg4 g6 7. Bg5 Qb6 8. O-O-O
Bd7 9. Nh3 Bc6 10. Ne4 dxe4 11. Rd8+ Qxd8 12. Bxd8 Kxd8 13. Ng5 Ke8 14. Bc4 Nh6
15. Qf4 Nd7 16. Bxe6 fxe6 17. Nxe6 Nf5 18. Nc7+ Ke7 19. Qg5+ Kf8 20. e6 Kg7 21.
exd7 Bxd7 22. Nxa8 Rxa8 23. g4 Be7 24. Qf4 h6 25. Qc7 Bc6 26. gxf5 Re8 27. Rg1
g5 28. h4 Kf6 29. hxg5+ hxg5 30. Qh2 Kxf5 31. Qh6 Bf6 32. Rd1 Rh8 33. Qxh8 Bxh8
34. c3 Be5 35. Rd8 {(=)} Kg4 36. Kd1 Bf4 37. c4 Bc7 38. Rc8 Bb6 39. Ke2 a5 40.
a3 a4 41. Rf8 Bd4 42. Rd8 Bxb2 43. Rd2 Bxa3 44. Rd4 Bc5 45. f3+ Kf4 0-1

[Event "14th 4NCL Congress"]
[Site "Wokefield"]
[Date "2017.07.15"]
[Round "3"]
[Board "19"]
[White "Beckett, Richard"]
[Black "Gawne, Martin P"]
[Result "1-0"]
[WhiteElo "1620"]
[BlackElo "1964"]
[PlyCount "63"]
[EventDate "2017.07.14"]
[EventRounds "5"]
[EventCountry "ENG"]

1. e4 c6 2. d4 d5 3. exd5 cxd5 4. c4 Nf6 5. c5 Nc6 6. Bb5 Qa5+ 7. Nc3 Ne4 8.
Nge2 Bf5 9. a3 O-O-O 10. Bxc6 bxc6 11. b4 Qa6 12. O-O Nxc3 13. Nxc3 Qd3 14. Qa4
Kb7 15. b5 Bd7 16. bxc6+ Bxc6 17. Qa5 Rc8 18. Be3 e5 19. Rfd1 Qg6 20. Rab1+ Ka8
21. Nb5 Bxb5 22. Qxb5 Qc6 23. Qb4 exd4 24. Bxd4 f6 25. Rb2 Bxc5 26. Bxc5 Rb8
27. Qa5 Rb7 28. Rdb1 Rhb8 29. Rxb7 Rxb7 30. Qd8+ Qc8 31. Qxc8+ Rb8 32. Rxb8#
 1-0

[Event "14th 4NCL Congress"]
[Site "Wokefield"]
[Date "2017.07.15"]
[Round "3"]
[Board "20"]
[White "David, Ivan"]
[Black "Lucey, Michael"]
[Result "1/2-1/2"]
[WhiteElo "1887"]
[BlackElo "1765"]
[PlyCount "98"]
[EventDate "2017.07.14"]
[EventRounds "5"]
[EventCountry "ENG"]

1. d4 Nf6 2. Bf4 d6 3. Nc3 g6 4. e4 Bg7 5. Qd2 O-O 6. O-O-O Nc6 7. Bh6 e5 8.
Bxg7 Kxg7 9. Nge2 a6 10. f3 b5 11. Nd5 Nxd5 12. exd5 Ne7 13. h4 h6 14. h5 g5
15. dxe5 dxe5 16. Ng3 Nf5 17. Ne4 Nd6 18. Nc5 Bf5 19. Bd3 Qe7 20. Qf2 Rad8 21.
g4 Bxd3 22. Rxd3 Qf6 23. Qd2 Nc4 24. Qc3 Qf4+ 25. Kb1 b4 26. Qe1 a5 27. Qc1
Qxc1+ 28. Kxc1 Rfe8 29. Rhd1 Nd6 30. Ne4 Nb5 31. d6 Nxd6 32. Nxd6 cxd6 33. Rxd6
Rxd6 34. Rxd6 e4 35. fxe4 Rxe4 36. Ra6 Rxg4 37. Rxa5 Re4 38. a4 g4 39. Rf5 g3
40. Rf3 Rg4 41. Rf1 g2 42. Rg1 f5 43. Kd2 Kf6 44. a5 f4 45. Ke2 Rg5 46. a6 Rxh5
47. Rxg2 Ra5 48. Kf3 Rxa6 49. Kxf4 Rc6 1/2-1/2

[Event "14th 4NCL Congress"]
[Site "Wokefield"]
[Date "2017.07.15"]
[Round "3"]
[Board "21"]
[White "Coburn, Joseph A"]
[Black "Price, Andrew"]
[Result "1-0"]
[WhiteElo "1755"]
[BlackElo "1805"]
[PlyCount "64"]
[EventDate "2017.07.14"]
[EventRounds "5"]
[EventCountry "ENG"]

1. e4 d5 2. exd5 Qxd5 3. Nc3 Qa5 4. Nf3 Nf6 5. d3 c6 6. Be2 e6 7. Bd2 Qc7 8. h3
Nbd7 9. a3 Be7 10. O-O Nb6 11. Re1 O-O 12. Bf1 Nbd5 13. Qc1 Bd6 14. Ne4 Nxe4
15. dxe4 Nb6 16. e5 Be7 17. c4 c5 18. Qc2 Bd7 19. Bd3 g6 20. Ng5 Bc6 21. Be4
Rad8 22. Bxc6 Qxc6 23. Ne4 Rd4 24. Nf6+ Kg7 25. Bg5 Qc7 26. Qc1 Rfd8 27. Ng4
Rxc4 28. Bf6+ Kf8 29. Qh6+ Ke8 30. Qxh7 Rd2 31. Qg8+ Kd7 32. Qxf7 Nc8 1-0

[Event "14th 4NCL Congress"]
[Site "Wokefield"]
[Date "2017.07.15"]
[Round "3"]
[Board "22"]
[White "Merriman, James"]
[Black "Mclaren, Charlie"]
[Result "0-1"]
[WhiteElo "1496"]
[BlackElo "1795"]
[PlyCount "90"]
[EventDate "2017.07.14"]
[EventRounds "5"]
[EventCountry "ENG"]

1. d4 Nf6 2. c4 e6 3. Nc3 Bb4 4. e3 O-O 5. Bd3 Bxc3+ 6. bxc3 b6 7. Nf3 Bb7 8.
O-O d6 9. Re1 Nbd7 10. e4 e5 11. Ba3 Re8 12. d5 g6 13. h3 Nh5 14. Qd2 Nf4 15.
Bf1 Rf8 16. g3 Nh5 17. Qh6 Qf6 18. Be2 Ba6 19. Rab1 Qg7 20. Qe3 Rae8 21. Rb4
Bc8 22. Ng5 Qh6 23. h4 Nc5 24. Bxh5 {(=)} Qxh5 25. Rbb1 f6 26. Nf3 Kh8 27. Bxc5
{(=)} bxc5 28. Kg2 f5 29. exf5 gxf5 30. Qg5 Qf7 31. Qh6 f4 32. Ng5 f3+ 33. Kh2
Qf5 34. Re4 Qg6 35. Qxg6 hxg6 36. Re3 Ba6 37. Re4 Rb8 38. Rxb8 Rxb8 39. Nxf3
Rb2 40. Kg2 Rxa2 41. Rg4 Rc2 42. Rxg6 Bxc4 43. Ng5 Bxd5+ 44. Kg1 Rc1+ 45. Kh2
Rh1# 0-1

[Event "14th 4NCL Congress"]
[Site "Wokefield"]
[Date "2017.07.15"]
[Round "3"]
[Board "23"]
[White "Verma, Shlok"]
[Black "Manning, Peter A"]
[Result "1/2-1/2"]
[WhiteElo "1475"]
[BlackElo "1787"]
[PlyCount "40"]
[EventDate "2017.07.14"]
[EventRounds "5"]
[EventCountry "ENG"]

1. d4 Nf6 2. c4 g6 3. Nc3 Bg7 4. e4 d6 5. Nge2 O-O 6. Ng3 e5 7. d5 Na6 8. Be2
Ne8 9. h4 f5 10. Bg5 Nf6 11. exf5 gxf5 12. Nh5 Rf7 13. Qd2 Qf8 14. Nxf6+ Bxf6
15. Bh5 Re7 16. Bh6 Bg7 17. Bg5 Bf6 18. Bh6 Bg7 19. Bg5 Bf6 20. Bh6 Bg7 1/2-1/2

[Event "14th 4NCL Congress"]
[Site "Wokefield"]
[Date "2017.07.15"]
[Round "3"]
[Board "24"]
[White "De Coverly, Roger D"]
[Black "Dray-Pearce, Tristan"]
[Result "1-0"]
[WhiteElo "1971"]
[BlackElo "1633"]
[PlyCount "41"]
[EventDate "2017.07.14"]
[EventRounds "5"]
[EventCountry "ENG"]

1. e4 c5 2. Nf3 d6 3. d4 cxd4 4. Nxd4 Nf6 5. Nc3 g6 6. Be3 Bg7 7. f3 O-O 8. Bc4
Nc6 9. Qd2 Bd7 10. O-O-O Rc8 11. Bb3 a6 12. h4 h5 13. Kb1 Ne5 14. Bg5 Nc4 15.
Bxc4 Rxc4 16. Nde2 Be6 17. e5 Ne8 18. Nd5 Bxd5 19. Qxd5 Rc5 20. Qxc5 dxc5 21.
Rxd8 1-0

[Event "14th 4NCL Congress"]
[Site "Wokefield"]
[Date "2017.07.15"]
[Round "3"]
[Board "25"]
[White "Langham, Rod E"]
[Black "Brown, Geoffrey D"]
[Result "1/2-1/2"]
[WhiteElo "1699"]
[BlackElo "1565"]
[PlyCount "67"]
[EventDate "2017.07.14"]
[EventRounds "5"]
[EventCountry "ENG"]

1. d4 e6 2. Bf4 f5 3. Nf3 Nf6 4. e3 Be7 5. h3 d6 6. Nbd2 O-O 7. Bd3 a5 8. a4
Qe8 9. Bb5 Nbd7 10. O-O Nh5 11. Bh2 Qg6 12. Qe2 Kh8 13. Bd3 Qe8 14. Rfe1 Nb6
15. b3 Nd5 16. Nf1 g5 17. c4 Nb4 18. Rad1 g4 19. N3d2 gxh3 20. gxh3 Rg8+ 21.
Ng3 f4 22. Ndf1 fxg3 23. fxg3 Bh4 24. Be4 Bxg3 25. Bxg3 Nxg3 26. Nxg3 Rxg3+ 27.
Kh2 Rg7 28. Rg1 e5 29. Rxg7 Kxg7 30. Qg2+ Kh8 31. Rg1 Qf7 32. dxe5 dxe5 33. Qg5
Bf5 34. Qxf5 1/2-1/2

[Event "14th 4NCL Congress"]
[Site "Wokefield"]
[Date "2017.07.15"]
[Round "3"]
[Board "26"]
[White "Di-Vetta, Andrew"]
[Black "Wiratunga, Jenith Ay"]
[Result "1/2-1/2"]
[WhiteElo "1605"]
[BlackElo "1412"]
[PlyCount "116"]
[EventDate "2017.07.14"]
[EventRounds "5"]
[EventCountry "ENG"]

1. d4 d5 2. Nf3 Bf5 3. Bf4 c6 4. c3 Qb6 5. Qb3 Nd7 6. Nbd2 Ngf6 7. e3 e6 8. Nh4
Bg6 9. f3 Nh5 10. Bg3 Be7 11. Bf2 Bxh4 12. Bxh4 Nhf6 13. g4 O-O-O 14. a4 Rde8
15. Qxb6 axb6 16. a5 b5 17. a6 bxa6 18. Rxa6 Kb7 19. Ra3 e5 20. Kf2 exd4 21.
exd4 Ra8 22. Be2 Rxa3 23. bxa3 Ra8 24. Ra1 Ne8 25. Be7 Nb6 26. Nb3 Nc4 27. Bxc4
dxc4 28. Nc5+ Kc7 29. h4 h5 30. Ke3 Nf6 31. Bxf6 gxf6 32. a4 bxa4 33. Rxa4 Rxa4
34. Nxa4 Kd6 35. Nc5 Kd5 36. Kf4 hxg4 37. fxg4 Bd3 38. g5 fxg5+ 39. Kxg5 Kd6
40. h5 Ke7 41. Nb7 f6+ 42. Kf4 Kd7 43. Nc5+ Ke7 44. Nxd3 cxd3 45. Ke3 f5 46.
Kxd3 Kf6 47. Ke3 Kg5 48. h6 Kxh6 49. Kf4 Kg6 50. c4 Kf6 51. d5 cxd5 52. cxd5
Ke7 53. Kxf5 Kd6 54. Ke4 Kd7 55. Ke5 Ke7 56. d6+ Kd7 57. Kd5 Kd8 58. Kc6 Kc8
 1/2-1/2

[Event "14th 4NCL Congress"]
[Site "Wokefield"]
[Date "2017.07.16"]
[Round "4"]
[Board "1"]
[White "Wolf, Gabriel"]
[Black "Shaw, Meyrick"]
[Result "1/2-1/2"]
[WhiteElo "1890"]
[BlackElo "1943"]
[PlyCount "44"]
[EventDate "2017.07.14"]
[EventRounds "5"]
[EventCountry "ENG"]

1. d4 Nf6 2. c4 e6 3. Nc3 d5 4. cxd5 exd5 5. Bg5 Nbd7 6. e3 Be7 7. Bd3 c6 8.
Qc2 h6 9. Bh4 O-O 10. Nge2 Re8 11. O-O Nf8 12. f3 Ne6 13. Rad1 Nh5 14. Bxe7
Qxe7 15. Kh1 Qg5 16. e4 Nhf4 17. Nxf4 Nxf4 18. g3 Nxd3 19. Qxd3 Bh3 20. Rf2 Bd7
21. e5 Bf5 22. Qd2 Qxd2 1/2-1/2

[Event "14th 4NCL Congress"]
[Site "Wokefield"]
[Date "2017.07.16"]
[Round "4"]
[Board "2"]
[White "Gregory, Keith Df"]
[Black "Crockart, George N"]
[Result "0-1"]
[WhiteElo "1985"]
[BlackElo "1928"]
[PlyCount "62"]
[EventDate "2017.07.14"]
[EventRounds "5"]
[EventCountry "ENG"]

1. Nf3 f5 2. c4 Nf6 3. g3 b6 4. Bg2 Bb7 5. O-O e6 6. d3 Be7 7. Nc3 O-O 8. Rb1
a5 9. a3 Na6 10. Bd2 h6 11. Na2 c5 12. b4 axb4 13. axb4 g5 14. bxc5 Nxc5 15.
Nc3 Kh7 16. Qc2 g4 17. Nd4 Bxg2 18. Kxg2 d5 19. Nc6 Qc7 20. Nxe7 Qxe7 21. Rxb6
dxc4 22. dxc4 Nfd7 23. Rb5 Rfc8 24. e4 Qf6 25. f3 gxf3+ 26. Rxf3 Ne5 27. Rf2
Ncd3 28. Rb7+ Kg8 29. Rxf5 exf5 30. Nd5 Qa6 31. Ne7+ Kf8 0-1

[Event "14th 4NCL Congress"]
[Site "Wokefield"]
[Date "2017.07.16"]
[Round "4"]
[Board "3"]
[White "Bennett, Dominic L"]
[Black "Whitehead, Mark A"]
[Result "1-0"]
[WhiteElo "1941"]
[BlackElo "1917"]
[PlyCount "41"]
[EventDate "2017.07.14"]
[EventRounds "5"]
[EventCountry "ENG"]

1. e4 c5 2. Nf3 e6 3. g3 b6 4. Bg2 Bb7 5. d3 d6 6. O-O Be7 7. Re1 Nd7 8. c3
Ngf6 9. Nbd2 O-O 10. d4 cxd4 11. cxd4 Qc7 12. b3 Rac8 13. Ba3 b5 14. d5 e5 15.
Bh3 Rfe8 16. Qe2 Qa5 17. Bc1 Ba6 18. b4 Qxb4 19. a4 Qa5 20. Nb3 bxa4 21. Nxa5
 1-0

[Event "14th 4NCL Congress"]
[Site "Wokefield"]
[Date "2017.07.16"]
[Round "4"]
[Board "4"]
[White "Dydak, Mateusz"]
[Black "Stimpson, Philip M"]
[Result "1-0"]
[WhiteElo "1882"]
[BlackElo "1937"]
[PlyCount "75"]
[EventDate "2017.07.14"]
[EventRounds "5"]
[EventCountry "ENG"]

1. e4 e5 2. Nc3 Nf6 3. f4 d6 4. Nf3 Nc6 5. Bb5 Bd7 6. O-O Be7 7. Bxc6 Bxc6 8.
d3 O-O 9. Ne2 Re8 10. Ng3 Bd7 11. h3 Bf8 12. fxe5 dxe5 13. Bg5 h6 14. Be3 Bd6
15. Qd2 Kh7 16. Qf2 Qe7 17. Nd2 b6 18. Nf5 Bxf5 19. Qxf5+ Kg8 20. Bxh6 gxh6 21.
Qxf6 Qxf6 22. Rxf6 Re6 23. Rxe6 fxe6 24. Rf1 Bc5+ 25. Kh2 Rf8 26. Rxf8+ Kxf8
27. Nf3 Be3 28. Kg3 Bc1 29. b3 Bb2 30. Kg4 Kg7 31. Kh5 Bc3 32. g4 Bb2 33. h4
Bc3 34. g5 hxg5 35. hxg5 Bb2 36. g6 c5 37. Ng5 Kf6 38. Kh6 1-0

[Event "14th 4NCL Congress"]
[Site "Wokefield"]
[Date "2017.07.16"]
[Round "4"]
[Board "5"]
[White "Tello, Yasser"]
[Black "Tart, Peter K"]
[Result "1-0"]
[WhiteElo "1922"]
[BlackElo "1914"]
[PlyCount "75"]
[EventDate "2017.07.14"]
[EventRounds "5"]
[EventCountry "ENG"]

1. d4 e6 2. e4 b6 3. Nf3 Bb7 4. Bd3 Nf6 5. Qe2 c5 6. c3 d5 7. e5 Ne4 8. Nbd2
Nxd2 9. Bxd2 Be7 10. O-O O-O 11. b4 c4 12. Bc2 Nd7 13. h3 Re8 14. Nh2 Nf8 15.
a4 a6 16. f4 Bc8 17. g4 Ra7 18. Rf2 Rc7 19. Raf1 f6 20. Nf3 Rb7 21. f5 a5 22.
b5 Rc7 23. Qd1 exf5 24. gxf5 fxe5 25. Nxe5 Bf6 26. Bf4 Bg5 27. Nc6 Rxc6 28.
bxc6 Bxf4 29. Rxf4 Re3 30. R1f3 Qe8 31. Kf2 Rxf3+ 32. Qxf3 Qxc6 33. f6 g6 34.
f7+ Kg7 35. h4 Qe6 36. h5 Qh3 37. Qxh3 Bxh3 38. h6+ 1-0